000 01009nac a22002891i 4500
003 EG-ScBUE
005 20250227113359.0
008 250210s1984 stka f d 001 0 eng d
020 _a0443028885
040 _aEG-ScBUE
_beng
_erda
_cEG-ScBUE
_dEG-ScBUE
082 0 4 _a519.5
_bBRO
_222
100 1 _aBroughton-Pipkin, Fiona,
_eauthor.
245 1 0 _aMedical statistics made easy /
_cFiona Broughton Pipkin, M.A., D. Phil., senior lecturer in reproductive physiology, University of Nottingham.
250 _aFirst edition.
264 1 _aLeith Walk, Edinburgh ;
_bChurchill Livingstone,
_c1984.
300 _a138 pages :
_billustrations ;
_c22 cm
336 _2rdacontent
_atext
_btxt
337 _aunmediated
_2rdamedia
_bn
338 _avolume
_bnc
_2rdacarrier
500 _aIncludes index.
500 _aIncludes Appendices.
500 _aIncludes glossary.
650 7 _aMedical statistics.
_2BUEsh
655 _vReading book
942 _cBB
_2ddc
999 _c3489
_d3489